Top 20 Billboard - 2000 - Statistiques

Statistiques générales
  • Ce quiz a été pris 19 fois
  • Le résultat moyen est 5 sur 20
Statistiques - réponses
Date de Parution Titres Artistes % Correct
6 Octobre 1999 Say My Name Destiny's Child
78%
13 Juillet 2000 Jumpin', Jumpin' Destiny's Child
78%
2 Juin 1999 Smooth Santana & Rob Thomas
67%
3 Septembre 1999 Maria Maria Santana & The Product G&B
67%
17 Août 2000 Music Madonna
50%
19 Octobre 1999 What a Girl Wants Christina Aguilera
33%
18 Mai 2000 Doesn't Really Matter Janet Jackson
33%
16 Janvier 2000 There You Go Pink
22%
14 Février 2000 Thong Song Sisqó
17%
12 Mars 2000 Try Again Aaliyah
11%
4 1999 I Wanna Know Joe
11%
10 Février 2000 He Wasn't Man Enough Toni Braxton
11%
15 Janvier 2000 Kryptonite 3 Doors Down
6%
20 Août 1999 Back at One Brian McKnight
6%
11 Août 1999 Higher Creed
6%
8 Mars 1999 Amazed Lonestar
6%
1 Octobre 1999 Breathe Faith Hill
0%
9 Avril 2000 Bent Matchbox Twenty
0%
7 Septembre 1999 I Knew I Loved You Savage Garden
0%
5 Octobre 1999 Everything You Want Vertical Horizon
0%
Aucun quiz correspondant
Distribution des résultats
% des personnes avec chaque résultat
Percentile par nombre de réponses
Votre historique - résultats
Vous n’avez pas pris ce quiz